| Tag |
First Indicator |
Second Indicator |
Subfields |
| LEADER |
00000cam a2200000 a 4500 |
| 001 |
in00001331621 |
| 005 |
20151006050430.0 |
| 008 |
970120s1996 waua b 101 0 eng d |
| 010 |
|
|
|a 96068342
|
| 020 |
|
|
|a 0819422320
|
| 035 |
|
|
|a (OCoLC)36229734
|
| 035 |
|
|
|9 AHE9820AM
|
| 040 |
|
|
|a LHL
|c LHL
|d TXA
|d UtOrBLW
|
| 049 |
|
|
|a TXAM
|
| 090 |
|
|
|a TA1632
|b .P468 1996
|
| 245 |
0 |
0 |
|a Photonics and radio frequency :
|b 7-8 August 1996, Denver, Colorado /
|c Brian M. Hendrickson, chair/editor ; sponsored and published by SPIE--the International Society for Optical Engineering ; cosponsored by Rome Laboratory.
|
| 264 |
|
1 |
|a Bellingham, Wash. :
|b SPIE,
|c [1996]
|
| 264 |
|
4 |
|c ©1996
|
| 300 |
|
|
|a ix, 328 pages :
|b illustrations ;
|c 28 cm.
|
| 336 |
|
|
|a text
|b txt
|2 rdacontent
|
| 337 |
|
|
|a unmediated
|b n
|2 rdamedia
|
| 338 |
|
|
|a volume
|b nc
|2 rdacarrier
|
| 490 |
1 |
|
|a Proceedings / SPIE--the international society for optical engineering ;
|v v. 2844
|
| 504 |
|
|
|a Includes bibliographical references and index.
|
| 650 |
|
0 |
|a Photonics
|v Congresses.
|
| 650 |
|
0 |
|a Radio frequency
|v Congresses.
|
| 700 |
1 |
|
|a Hendrickson, Brian M.
|
| 710 |
2 |
|
|a Society of Photo-optical Instrumentation Engineers.
|
| 710 |
2 |
|
|a Rome Laboratory (Griffiss Air Force Base, N.Y.)
|
| 830 |
|
0 |
|a Proceedings of SPIE--the International Society for Optical Engineering ;
|v v. 2844.
|
| 999 |
|
|
|a MARS
|
| 999 |
f |
f |
|s 3ddcbd40-b806-3440-b7f2-a3523bfc36dc
|i 4c645234-8237-3814-aa5f-97f30fbc2dfb
|t 0
|
| 952 |
f |
f |
|p ric
|a Texas A&M University
|b Rellis Campus
|c Joint Library Facility
|d Remote Storage
|t 0
|e TA1632 .P468 1996
|h Library of Congress classification
|i unmediated -- volume
|m A14820782310
|
| 998 |
f |
f |
|a TA1632 .P468 1996
|t 0
|l Remote Storage
|